=LDR 00000nam 2200000 4500 =001 INLIS000000000017876 =005 20130612113057 =008 ***********************************Ind** =035 ##$$0010-061300000017876 =041 ##$$a Ind =082 ##$$a 633.7 =090 ##$$a 633.7, Sri k =100 ##$$a Sri Najiyati =245 ##$$a Kopi budidaya dan penangan pascapanen, Sri Najiyati =260 ##$$a 2004 $b Jakarta =300 ##$$a viii, 167 hlm, ilus, 21 cm =650 ##$$a Kopi =850 ##$$a NBPNMAT